Make yours a happy marriage. (Record no. 14632)

000 -LEADER
fixed length control field 00561nam a2200181 a 4500
001 - CONTROL NUMBER
control field :::00012464$&:&@@
003 - CONTROL NUMBER IDENTIFIER
control field OkBaRHE
005 - DATE AND TIME OF LATEST TRANSACTION
control field 20000607103419.0
008 - FIXED-LENGTH DATA ELEMENTS--GENERAL INFORMATION
fixed length control field s1946 j 000 0 eng u
040 ## - CATALOGING SOURCE
Transcribing agency
100 1# - MAIN ENTRY--PERSONAL NAME
Personal name Geiseman, O. A. (Otto Albert), 1893-
245 10 - TITLE STATEMENT
Title Make yours a happy marriage.
260 ## - PUBLICATION, DISTRIBUTION, ETC. (IMPRINT)
Place of publication, distribution, etc St. Louis, MO., :
Name of publisher, distributor, etc Concordia Publishing House
Date of publication, distribution, etc c1946
300 ## - PHYSICAL DESCRIPTION
Extent ix, 74 p. ;
Dimensions 19 cm.
650 ## - SUBJECT ADDED ENTRY--TOPICAL TERM
Topical term or geographic name as entry element Marriage
942 ## - ADDED ENTRY ELEMENTS (KOHA)
Source of classification or shelving scheme
Koha item type Books
Copies
Permanent Location Date acquired Barcode Price effective from Copy number Lost status Shelving location Koha item type Date last seen Full call number Not for loan Damaged status Withdrawn status Source of classification or shelving scheme
RHEMA Bible Training College2010-04-14124642010-04-141 General StacksBooks2010-04-14HQ 734 .G36